As it is in heaven / (Record no. 123627)
[ view plain ]
| 000 -LEADER | |
|---|---|
| fixed length control field | 01784mam a2200289 a 4500 |
| 001 - CONTROL NUMBER | |
| control field | 2322728 |
| 003 - CONTROL NUMBER IDENTIFIER | |
| control field | ARRUPE |
| 005 - DATE AND TIME OF LATEST TRANSACTION | |
| control field | 20151028100824.0 |
| 008 - FIXED-LENGTH DATA ELEMENTS--GENERAL INFORMATION | |
| fixed length control field | 981216s1999 nyu 000 1 eng |
| 010 ## - LIBRARY OF CONGRESS CONTROL NUMBER | |
| LC control number | 98055127 |
| 020 ## - INTERNATIONAL STANDARD BOOK NUMBER | |
| International Standard Book Number | 0446525480 |
| 035 ## - SYSTEM CONTROL NUMBER | |
| System control number | (OCoLC)ocm40538290 |
| 040 ## - CATALOGING SOURCE | |
| Original cataloging agency | DLC |
| Transcribing agency | DLC |
| Modifying agency | CLE |
| -- | C#P |
| -- | OrLoB-B |
| 050 00 - LIBRARY OF CONGRESS CALL NUMBER | |
| Classification number | PR6073.I43273 |
| Item number | A9 1999 |
| 082 00 - DEWEY DECIMAL CLASSIFICATION NUMBER | |
| Classification number | 823/.914 |
| Edition number | 21 |
| 300 ## - PHYSICAL DESCRIPTION | |
| Dimensions | 20 cm. |
| 100 1# - MAIN ENTRY--PERSONAL NAME | |
| Personal name | Williams, Niall, |
| Dates associated with a name | 1958- |
| 9 (RLIN) | 20592 |
| 245 10 - TITLE STATEMENT | |
| Title | As it is in heaven / |
| Statement of responsibility, etc | Niall Williams. |
| 260 ## - PUBLICATION, DISTRIBUTION, ETC. (IMPRINT) | |
| Place of publication, distribution, etc | London : |
| Name of publisher, distributor, etc | Picador, |
| Date of publication, distribution, etc | c1999. |
| 300 ## - PHYSICAL DESCRIPTION | |
| Extent | 310 p. ; |
| 520 1# - SUMMARY, ETC. | |
| Summary, etc | "Stephen Griffin is a shy and lonely schoolteacher in the West of Ireland, and his father Philip is a tailor whose wife and daughter died tragically in a car crash fifteen years ago. While Stephen yearns for love and an escape from the monotony of the classroom, his father's only desire is to be reunited with his family in heaven. The appearance of Gabriella Castoldi, a spellbinding musician, turns Stephen's fairy tales into reality. |
| 520 8# - SUMMARY, ETC. | |
| Summary, etc | Now both men have a purpose: Stephen's to secure Gabriella's love and Philip's to help him in his task by making the best suit of his career. Stephen's journey to love and happiness is the greatest and most courageous of his life, as he desperately follows Gabriella to Venice and back again to the West of Ireland."--BOOK JACKET. |
| 520 8# - SUMMARY, ETC. | |
| Summary, etc | "As it is in Heaven is a life-affirming, sparkling tale of love and strength in the face of human tragedy. Filled with the coincidences and harsh vicissitudes of true life, it confirms Niall Williams as one of the outstanding storytellers of our day."--BOOK JACKET. |
| 650 #0 - SUBJECT ADDED ENTRY--TOPICAL TERM | |
| Topical term or geographic name as entry element | Teachers |
| Form subdivision | Fiction. |
| 9 (RLIN) | 20593 |
| 655 #7 - INDEX TERM--GENRE/FORM | |
| Genre/form data or focus term | Love stories. |
| Source of term | gsafd |
| 9 (RLIN) | 20594 |
| 900 ## - EQUIVALENCE OR CROSS-REFERENCE-PERSONAL NAME [LOCAL, CANADA] | |
| Numeration | TOC |
| 942 ## - ADDED ENTRY ELEMENTS (KOHA) | |
| Source of classification or shelving scheme | Library of Congress Classification |
| Koha item type | Monograph ( Printed materials) |
| Withdrawn status | Lost status | Source of classification or shelving scheme | Damaged status | Not for loan | Collection code | Home library | Current library | Shelving location | Date acquired | Total Checkouts | Full call number | Barcode | Date last seen | Price effective from | Koha item type |
|---|---|---|---|---|---|---|---|---|---|---|---|---|---|---|---|
| Library of Congress Classification | Main Collection | ARRUPE LIBRARY | ARRUPE LIBRARY | Main Collection | 28/10/2015 | PR6073.I43273 A9 1999 | 46500005339 | 28/10/2015 | 28/10/2015 | Monograph ( Printed materials) |